Three dramas / (Record no. 85358)
[ view plain ]
| 000 -LEADER | |
|---|---|
| fixed length control field | 00698cam a2200217u 4500 |
| 001 - CONTROL NUMBER | |
| control field | 85358 |
| 003 - CONTROL NUMBER IDENTIFIER | |
| rucl marc code | BD-RjUL |
| 005 - DATE AND TIME OF LATEST TRANSACTION | |
| control field | 20250729130111.0 |
| 008 - FIXED-LENGTH DATA ELEMENTS--GENERAL INFORMATION | |
| fixed length control field | 250728s1924 enk 000 0 eng |
| 035 ## - SYSTEM CONTROL NUMBER | |
| System control number | [BD-RjUL] 85358 |
| 040 ## - CATALOGING SOURCE | |
| Original cataloging agency | DLC |
| Transcribing agency | CarP |
| Modifying agency | DLC |
| Language of cataloging | eng |
| 041 ## - LANGUAGE CODE | |
| Language code of text/sound track or separate title | eng |
| 082 ## - DEWEY DECIMAL CLASSIFICATION NUMBER | |
| Edition number | 21 |
| Classification number | 839.82 |
| Author mark and year | BJT 1899 |
| 100 1# - MAIN ENTRY--PERSONAL NAME | |
| Personal name | Bjørnson, Bjørnstjerne, |
| Dates associated with a name | 1832-1910. |
| 9 (RLIN) | 16327 |
| 245 00 - TITLE STATEMENT | |
| Title | Three dramas / |
| Statement of responsibility, etc. | by Bjornstjerne Bjornsson |
| 260 ## - PUBLICATION, DISTRIBUTION, ETC. (IMPRINT) | |
| Place of publication, distribution, etc. | London, |
| Name of publisher, distributor, etc. | J. M. Dent & sons, ltd.; |
| Place of publication, distribution, etc. | New York, |
| Name of publisher, distributor, etc. | E. P. Dutton & co., inc. |
| Date of publication, distribution, etc. | [1924] |
| 300 ## - PHYSICAL DESCRIPTION | |
| Pagination | xv, 291 p. |
| Size | 18 cm. |
| 338 ## - CARRIER TYPE | |
| Carrier type term | volume |
| Carrier type code | nc |
| Source | rdacarrier |
| 700 1# - ADDED ENTRY--PERSONAL NAME | |
| Personal name | Sharp, R. Farquharson |
| Fuller form of name | (Robert Farquharson), |
| Dates associated with a name | 1864-1945, |
| Relator term | tr. |
| 942 ## - ADDED ENTRY ELEMENTS (KOHA) | |
| Source of classification or shelving scheme | Dewey Decimal Classification |
| Koha item type | Books |
| Lost status | Source of classification or shelving scheme | Damaged status | Not for loan | Collection code | Permanent Location | Current Location | Shelving location | Date acquired | Total Checkouts | Full call number | Date last seen | Copy number | Koha item type |
|---|---|---|---|---|---|---|---|---|---|---|---|---|---|
| Dewey Decimal Classification | Not For Loan | Non-fiction | Central Library, University of Rajshahi | Central Library, University of Rajshahi | Reading Room | 29/07/2025 | 839.82 BJT 1899 | 29/07/2025 | C-1 | Books |